| 000 | 01265cam a2200337 i 4500 | ||
|---|---|---|---|
| 001 | 30061 | ||
| 003 | Mx-PuUPA | ||
| 005 | 20241129140105.0 | ||
| 008 | 140415s2020 sp a gr 000 0 spa d | ||
| 020 | _a9780241432471 | ||
| 040 |
_cMx-PuUPA _aMx-PuUPA _bspa _dMx-PuUPA _erda |
||
| 041 | 1 |
_aspa _heng |
|
| 130 | 0 | _aHow philosophy works. | |
| 245 | 1 | 0 |
_aCómo funciona la filosofía : _bguía gráfica de las teorías filosóficas / _casesoramiento editorial, Marcus Weeks |
| 250 | _aPrimera edición | ||
| 264 | 1 |
_a[España?] : _bDorling Kindersley Limited, _c2020 |
|
| 300 |
_a249 páginas : _bilustraciones ; _c24 cm |
||
| 336 |
_2rdacontent _atexto _btxt |
||
| 336 |
_2rdacontent _aimagen fija _bsti |
||
| 337 |
_2rdamedia _asin medio _bn |
||
| 338 |
_2rdacarrier _avolumen _bnc |
||
| 650 | 7 |
_2armarc _aFilosofía _xMiselánea |
|
| 650 | 7 |
_2armarc _aFilosofía _xHistoria |
|
| 650 | 7 |
_2armarc _aFilosofía _xObras pictóricas |
|
| 700 | 1 |
_aWeeks, Marcus, _easesor _916538 |
|
| 765 | 0 |
_aWeeks, Marcus, _dGran Bretaña : Dorling Kindersley, 2019 _tHow philosophy works. |
|
| 942 |
_2ddc _cLI _h100 _iC73 |
||
| 999 |
_c30061 _d30061 |
||